| 000 | 01928cam a22004217i 4500 | ||
|---|---|---|---|
| 001 | data | ||
| 005 | 20260322212114.0 | ||
| 008 | data | ||
| 035 | _a20376567 | ||
| 906 |
_a7 _bcbc _ccopycat _d2 _encip _f20 _gy-gencatlg |
||
| 925 | 0 |
_aacquire _b1 shelf copy _xpolicy default |
|
| 010 | _a 2018935731 | ||
| 015 |
_aGBB8F1835 _2bnb |
||
| 016 | 7 |
_a019019044 _2Uk |
|
| 020 |
_a1785361368 _qhardcover |
||
| 020 |
_a9781785361364 _qhardcover |
||
| 020 | _z9781785361371 (PDF ebook) | ||
| 035 | _a(OCoLC)1022791955 | ||
| 040 |
_aYDX _beng _cYDX _erda _dDLC _dRCE _dOCL _dUKMGB _dAUW _dUPM _dDLC |
||
| 042 | _alccopycat | ||
| 050 | 0 | 0 |
_aHB615 _b.J634 2018 |
| 082 | 0 | 4 |
_a338/.04072 _223 |
| 100 | 1 |
_aJohannisson, Bengt, _d1942- _eauthor. |
|
| 245 | 1 | 0 |
_aDisclosing entrepreneurship as practice : _bthe enactive approach / _cBengt Johannisson, Professor Emeritus, Linnaeus University, Sweden. |
| 264 | 1 |
_aNorthampton, MA, USA : _aNorthampton, MA, USA : _bEdward Elgar Publishing, _c[2018] |
|
| 264 | 4 | _c©2018 | |
| 300 |
_aviii, 245 pages : _billustrations ; _c25 cm |
||
| 336 |
_atext _btxt _2rdacontent |
||
| 337 |
_aunmediated _bn _2rdamedia |
||
| 338 |
_avolume _bnc _2rdacarrier |
||
| 504 | _aIncludes bibliographical references (pages 214-239) and index. | ||
| 505 | 0 | _a1. Departure and roadmap, provisions and destiny -- 2. From process philosophy to practice theory, building and furnishing a paradigmatic platform -- 3. Featuring enactive research as a methodology -- 4. Practising enactive research,- constructing and contrasting tales of entrepreneuring -- 5. The practice of entrepreneuring, lessons from the field -- 6. Exploring the promises of enactive research. | |
| 650 | 0 |
_aEntrepreneurship _xMethodology. _xMethodology. |
|
| 650 | 0 | _aEntrepreneurship. | |
| 650 | 7 |
_aEntrepreneurship. _2fast _0(OCoLC)fst00912787 |
|
| 776 | 0 | 8 |
_iebook version : _z9781785361371 |
| 999 |
_c1707 _d1707 |
||